<?xml version="1.0" encoding="UTF-8"?><marc:collection xmlns:marc="http://www.loc.gov/MARC21/slim">
  <marc:record>
    <marc:leader>00000ngm  2200000za 4500</marc:leader>
    <marc:controlfield tag="001">9.831077</marc:controlfield>
    <marc:controlfield tag="003">CaOODSP</marc:controlfield>
    <marc:controlfield tag="005">20221107145654</marc:controlfield>
    <marc:controlfield tag="006">m    go  c f      </marc:controlfield>
    <marc:controlfield tag="007">cr cna|||a||||</marc:controlfield>
    <marc:controlfield tag="008">170123s2014    onc005 #     fo   vlfre d</marc:controlfield>
    <marc:datafield tag="020" ind1=" " ind2=" ">
      <marc:subfield code="a">978-0-660-22883-9</marc:subfield>
    </marc:datafield>
    <marc:datafield tag="040" ind1=" " ind2=" ">
      <marc:subfield code="a">CaOODSP</marc:subfield>
      <marc:subfield code="b">fre</marc:subfield>
    </marc:datafield>
    <marc:datafield tag="043" ind1=" " ind2=" ">
      <marc:subfield code="a">n-cn---</marc:subfield>
    </marc:datafield>
    <marc:datafield tag="086" ind1="1" ind2=" ">
      <marc:subfield code="a">T29-118/2-2014F-MP4</marc:subfield>
    </marc:datafield>
    <marc:datafield tag="245" ind1="0" ind2="0">
      <marc:subfield code="a">Mon bateau, ma responsabilité - les bateaux à passagers </marc:subfield>
      <marc:subfield code="h">[ressource électronique].</marc:subfield>
    </marc:datafield>
    <marc:datafield tag="246" ind1="1" ind2=" ">
      <marc:subfield code="i">Titre également cité comme : </marc:subfield>
      <marc:subfield code="a">Mon bateau, mon entreprise, ma responsabilité - bâtiments à passagers</marc:subfield>
    </marc:datafield>
    <marc:datafield tag="260" ind1=" " ind2=" ">
      <marc:subfield code="a">[Ottawa] : </marc:subfield>
      <marc:subfield code="b">Transports Canada, </marc:subfield>
      <marc:subfield code="c">[2014]</marc:subfield>
    </marc:datafield>
    <marc:datafield tag="300" ind1=" " ind2=" ">
      <marc:subfield code="a">1 vidéo en streaming (5 min., 39 sec.) : </marc:subfield>
      <marc:subfield code="b">s., coul. ; </marc:subfield>
      <marc:subfield code="c">25.42 Mo</marc:subfield>
    </marc:datafield>
    <marc:datafield tag="500" ind1=" " ind2=" ">
      <marc:subfield code="a">Publ. aussi en anglais sous le titre : My vessel, my business, my responsibility - passenger vessels.</marc:subfield>
    </marc:datafield>
    <marc:datafield tag="520" ind1=" " ind2=" ">
      <marc:subfield code="a">« Qu’il s’agisse de bateaux de pêche, de bateaux-taxis, de remorqueurs, d’embarcations de police ou autres, les petits bâtiments commerciaux circulent abondamment sur les eaux canadiennes. Mais les accidents peuvent arriver en tout temps et à n’importe qui. En tant qu’exploitant d’un petit bâtiment commercial, il est de votre responsabilité de veiller à ce que votre bateau fonctionne en toute sécurité et qu’on y trouve le matériel d’urgence nécessaire. Les bateaux à passagers sont un moyen intéressant de permettre aux gens de faire du tourisme au Canada. Mais quand ils sont sur votre bateau, leur sécurité est entre vos mains. Avant de prendre le large avec des passagers, assurez-vous que votre équipage sait comment trouver et utiliser l’équipement de sauvetage dans votre bateau. Cela comprend les gilets et les radeaux de sauvetage, les trousses de premiers soins et les extincteurs. Il doit aussi savoir quoi faire si un passager panique ou est blessé pendant le trajet. Vous devez laisser une copie de votre plan de navigation à une personne de confiance à terre — peut-être à quelqu’un qui se trouve à votre siège social ou à la marina. Un plan de navigation comprend des détails, comme votre itinéraire et le nombre de personnes à bord. Ce sont des renseignements cruciaux pour aider les services de recherche et de sauvetage à vous retrouver en cas d’urgence »-- De la narration.</marc:subfield>
    </marc:datafield>
    <marc:datafield tag="538" ind1=" " ind2=" ">
      <marc:subfield code="a">Mode d'accès : World Wide Web.</marc:subfield>
    </marc:datafield>
    <marc:datafield tag="692" ind1="0" ind2="7">
      <marc:subfield code="2">gccst</marc:subfield>
      <marc:subfield code="a">Sécurité nautique</marc:subfield>
    </marc:datafield>
    <marc:datafield tag="692" ind1="0" ind2="7">
      <marc:subfield code="2">gccst</marc:subfield>
      <marc:subfield code="a">Enregistrement vidéo</marc:subfield>
    </marc:datafield>
    <marc:datafield tag="710" ind1="1" ind2=" ">
      <marc:subfield code="a">Canada. </marc:subfield>
      <marc:subfield code="b">Transports Canada.</marc:subfield>
    </marc:datafield>
    <marc:datafield tag="710" ind1="1" ind2=" ">
      <marc:subfield code="a">Canada. </marc:subfield>
      <marc:subfield code="b">Direction générale de la sécurité maritime.</marc:subfield>
    </marc:datafield>
    <marc:datafield tag="775" ind1="0" ind2="8">
      <marc:subfield code="t">My vessel, my responsibility - passenger vessels </marc:subfield>
      <marc:subfield code="w">(CaOODSP)9.831076</marc:subfield>
    </marc:datafield>
    <marc:datafield tag="856" ind1="4" ind2="0">
      <marc:subfield code="q">MP4 vidéo</marc:subfield>
      <marc:subfield code="s">25.42 Mo</marc:subfield>
      <marc:subfield code="u">https://publications.gc.ca/collections/collection_2017/tc/T29-118-2-2014-fra.mp4</marc:subfield>
    </marc:datafield>
  </marc:record>
</marc:collection>
